000 02235cam a22003854i 4500
003 PE-LiUPU
005 20250731184110.0
008 150625s r 000 0 d
020 _a8482803328
035 _a(Sirsi) i9788482803326
040 _aPE-LiUPU
_bspa
_cPE-LiUPU
_erda
049 _aPRUA
082 0 4 _a868.949
_bA48
_221
100 1 _aAmado, Jorge,
_d1912-2000,
_eautor.
245 1 4 _aLos viejos marineros /
_cJorge Amado.
264 1 _aBogotá :
_bSeix Barral,
_c1983.
300 _a300 páginas ;
_c21 centímetros
336 _atext
_2rdacontent
337 _aunmediated
_2rdamedia
338 _avolume
_2rdacarrier
505 0 _aDe la llegada del comandante al suburbio de Periperi, en Bahía, del relato de sus más famosas aventuras en los cinco océanos, en mares y puertos lejanos, con rudos marineros y mujeres apasionadas, y de la influencia del cronógrafo y del telescopio sobre aquella morigerada comunidad suburbana. -Fiel y completa reproducción de la narración de Chico Pacheco con un sustancioso cuadro de las costumbres y de la vida de la ciudad de Salvador en los comienzos del siglo, ilustres figuras del gobierno y ricos comerciantes, insoportables doncellas y excelentes pendones. -Minuciosa descripción del inmortal viaje del comandante al mando del "Ita", con los múltiples sucesos de abordo, románticos amores, discusiones políticas, visita gratuita a los puertos de escala, con la célebre teoría de las baqueanas y los vientos en furia desatados.
526 _aP145
526 _aP127
526 _aP97
526 _aP14
526 _aP07
650 0 4 _aNovelas brasileñas
_ySiglo XX.
650 0 4 _aNovelas de profesionales (Marinos).
942 _2ddc
_cBOOK
949 _a868.949 A48
_wDEWEY
_c1
_i58042
_d2016-10-14
_e2016-10-11
_lCCODEBUL1
_mBUL
_n5
_p9.00
_r0
_sY
_tBOOK
_u2015-6-25
_xEDUCACION
_zUNKNOWN
_0COMPRA
_o.STAFF. Colección General
994 _aC0
_bPEPRU
596 _a1
999 _a868.949 A48
_wDEWEY
_c47006
_i58042
_d47006
_e2016-10-11
_f2021-11-5
_g5
_lCCODEBUL1
_mBUL
_n5
_p9.00
_r0
_sY
_tBOOK
_u2015-6-25
_xBIBLIOTECA
_zUNKNOWN
_0COMPRA
_o.STAFF. Colección General
980 _81
_gALBERTO SANCHEZ Responsable de Automatización